000 00560nam a22001697a 4500
999 _c61066
_d61066
005 20231213120557.0
008 231213s1986 ru ||||| |||| 00| 0 rus d
041 _arus
080 _a904(470) Ф-79
100 _a Формозов, А. A.
_920695
245 _aСтраницы истории русской археологии /
_cА. А. Формозов.
264 _aМ.
_bНаука:
_c1986.
300 _a 240 с. :
_bил. ;
_c21 см.
653 _aარქეოლოგია
653 _aისტორია
942 _2udc
_cᲬᲘᲒᲜᲘ